000 00518nam a2200121Ia 4500
008 171212s9999 xx 000 0 und d
020 _a9780833082138
100 _aWebb, Tim;Guo, Christopher;Lewis, Jennifer Lamping;Egel, Daniel
245 _cWebb, Tim;Guo, Christopher;Lewis, Jennifer Lamping;Egel, Daniel
_aVenture Capital and Strategic Investment for Developing Government Mission Capabilities
260 _bRAND Corporation
_c2014
650 _aEconomics
856 _uhttp://www.jstor.org/stable/10.7249/j.ctt6wq823
999 _c352799
_d352799